| 000 | 00404nam a2200169Ia 4500 | ||
|---|---|---|---|
| 008 | 210210b1938 xxu||||| |||| 00| 0 eng d | ||
| 041 | _aeng | ||
| 082 | _a825/636 | ||
| 100 | _aPALMER (Herbert) | ||
| 245 | _aPost victorian poetry | ||
| 260 |
_aLondon _bJ M Dent and Sons Ltd. _c1938 |
||
| 650 | _avictorian | ||
| 650 | _aPost | ||
| 650 | _apoetry | ||
| 690 | _aEnglish Criticism | ||
| 906 | _a014952 | ||
| 999 |
_c134182 _d134182 |
||